000 00277nam a22001217a 4500
008 181217b xxu||||| |||| 00| 0 eng d
041 _aeng
080 _25 TH
_a610
100 _a3
101 _aSHM
245 _aPrinciples Emergency Dispatch
_cMurray,C,D
942 _2udc
_cBK
999 _c53254
_d53254